<?xml version="1.0" encoding="UTF-8"?>
<record
    xmlns:xsi="http://www.w3.org/2001/XMLSchema-instance"
    xsi:schemaLocation="http://www.loc.gov/MARC21/slim http://www.loc.gov/standards/marcxml/schema/MARC21slim.xsd"
    xmlns="http://www.loc.gov/MARC21/slim">

  <leader>00347nam a22001577a 4500</leader>
  <controlfield tag="003">SGT</controlfield>
  <datafield tag="020" ind1=" " ind2=" ">
    <subfield code="a">9789394792937</subfield>
  </datafield>
  <datafield tag="082" ind1=" " ind2=" ">
    <subfield code="a">612</subfield>
    <subfield code="b">M24J</subfield>
  </datafield>
  <datafield tag="100" ind1=" " ind2=" ">
    <subfield code="a">JAIN, A.K.</subfield>
  </datafield>
  <datafield tag="245" ind1=" " ind2=" ">
    <subfield code="a">MANUAL OF PRACTICAL PHYSIOLOGY FOR MBBS</subfield>
  </datafield>
  <datafield tag="250" ind1=" " ind2=" ">
    <subfield code="a">7TH</subfield>
  </datafield>
  <datafield tag="260" ind1=" " ind2=" ">
    <subfield code="a">INDIA </subfield>
    <subfield code="b">ARYA PUB </subfield>
    <subfield code="c">2024</subfield>
  </datafield>
  <datafield tag="300" ind1=" " ind2=" ">
    <subfield code="a">322</subfield>
  </datafield>
  <datafield tag="650" ind1=" " ind2=" ">
    <subfield code="a">HUMAN PHYSIOLOGY</subfield>
  </datafield>
  <datafield tag="942" ind1=" " ind2=" ">
    <subfield code="2">ddc</subfield>
    <subfield code="c">BK</subfield>
  </datafield>
  <datafield tag="952" ind1=" " ind2=" ">
    <subfield code="0">0</subfield>
    <subfield code="1">0</subfield>
    <subfield code="2">ddc</subfield>
    <subfield code="4">0</subfield>
    <subfield code="7">1</subfield>
    <subfield code="8">MEDICAL</subfield>
    <subfield code="a">FM</subfield>
    <subfield code="b">FM</subfield>
    <subfield code="c">REF</subfield>
    <subfield code="d">2025-02-11</subfield>
    <subfield code="e">ABC DELHI</subfield>
    <subfield code="g">850.00</subfield>
    <subfield code="i">SGTU</subfield>
    <subfield code="o">612 M24J</subfield>
    <subfield code="p">FM14886</subfield>
    <subfield code="r">2025-04-05 00:00:00</subfield>
    <subfield code="w">2025-02-11</subfield>
    <subfield code="y">BK</subfield>
    <subfield code="k">20461</subfield>
  </datafield>
  <datafield tag="952" ind1=" " ind2=" ">
    <subfield code="0">0</subfield>
    <subfield code="1">0</subfield>
    <subfield code="2">ddc</subfield>
    <subfield code="4">0</subfield>
    <subfield code="7">0</subfield>
    <subfield code="8">MEDICAL</subfield>
    <subfield code="a">FM</subfield>
    <subfield code="b">FM</subfield>
    <subfield code="c">TXT</subfield>
    <subfield code="d">2025-02-11</subfield>
    <subfield code="e">ABC DELHI</subfield>
    <subfield code="g">850.00</subfield>
    <subfield code="i">SGTU</subfield>
    <subfield code="l">7</subfield>
    <subfield code="o">612 M24J</subfield>
    <subfield code="p">FM14887</subfield>
    <subfield code="q">2026-06-12</subfield>
    <subfield code="r">2026-05-29 08:53:42</subfield>
    <subfield code="s">2026-05-29</subfield>
    <subfield code="w">2025-02-11</subfield>
    <subfield code="y">BK</subfield>
    <subfield code="k">20461</subfield>
  </datafield>
  <datafield tag="952" ind1=" " ind2=" ">
    <subfield code="0">0</subfield>
    <subfield code="1">0</subfield>
    <subfield code="2">ddc</subfield>
    <subfield code="4">0</subfield>
    <subfield code="7">0</subfield>
    <subfield code="8">MEDICAL</subfield>
    <subfield code="a">FM</subfield>
    <subfield code="b">FM</subfield>
    <subfield code="c">TXT</subfield>
    <subfield code="d">2025-02-11</subfield>
    <subfield code="e">ABC DELHI</subfield>
    <subfield code="g">850.00</subfield>
    <subfield code="i">SGTU</subfield>
    <subfield code="l">7</subfield>
    <subfield code="o">612 M24J</subfield>
    <subfield code="p">FM14888</subfield>
    <subfield code="q">2026-06-11</subfield>
    <subfield code="r">2026-05-28 10:56:20</subfield>
    <subfield code="s">2026-05-28</subfield>
    <subfield code="w">2025-02-11</subfield>
    <subfield code="y">BK</subfield>
    <subfield code="k">20461</subfield>
  </datafield>
  <datafield tag="952" ind1=" " ind2=" ">
    <subfield code="0">0</subfield>
    <subfield code="1">0</subfield>
    <subfield code="2">ddc</subfield>
    <subfield code="4">0</subfield>
    <subfield code="7">0</subfield>
    <subfield code="8">MEDICAL</subfield>
    <subfield code="a">FM</subfield>
    <subfield code="b">FM</subfield>
    <subfield code="c">TXT</subfield>
    <subfield code="d">2025-02-11</subfield>
    <subfield code="e">ABC DELHI</subfield>
    <subfield code="g">850.00</subfield>
    <subfield code="i">SGTU</subfield>
    <subfield code="l">3</subfield>
    <subfield code="o">612 M24J</subfield>
    <subfield code="p">FM14889</subfield>
    <subfield code="r">2026-05-25 15:23:54</subfield>
    <subfield code="s">2026-05-12</subfield>
    <subfield code="w">2025-02-11</subfield>
    <subfield code="y">BK</subfield>
    <subfield code="k">20461</subfield>
  </datafield>
  <datafield tag="952" ind1=" " ind2=" ">
    <subfield code="0">0</subfield>
    <subfield code="1">0</subfield>
    <subfield code="2">ddc</subfield>
    <subfield code="4">0</subfield>
    <subfield code="7">0</subfield>
    <subfield code="8">MEDICAL</subfield>
    <subfield code="a">FM</subfield>
    <subfield code="b">FM</subfield>
    <subfield code="c">TXT</subfield>
    <subfield code="d">2025-02-11</subfield>
    <subfield code="e">ABC DELHI</subfield>
    <subfield code="g">850.00</subfield>
    <subfield code="i">SGTU</subfield>
    <subfield code="l">11</subfield>
    <subfield code="o">612 M24J</subfield>
    <subfield code="p">FM14890</subfield>
    <subfield code="q">2026-06-17</subfield>
    <subfield code="r">2026-06-03 13:23:50</subfield>
    <subfield code="s">2026-06-03</subfield>
    <subfield code="w">2025-02-11</subfield>
    <subfield code="y">BK</subfield>
    <subfield code="k">20461</subfield>
  </datafield>
  <datafield tag="999" ind1=" " ind2=" ">
    <subfield code="c">30685</subfield>
    <subfield code="d">30685</subfield>
  </datafield>
</record>
